[Event "Irkutsk Region-ch"]
[Site "Irkutsk"]
[Date "2016.10.19"]
[Round "6.1"]
[White "Bobarykin, Dmitry"]
[Black "Ergeshov, Timur"]
[Result "1-0"]
[WhiteElo "2116"]
[BlackElo "2221"]
[PlyCount "65"]
[EventDate "2016.10.15"]
[EventType "tourn"]
[EventRounds "9"]
[EventCountry "RUS"]
[SourceTitle "EXT 2018"]
[Source "ChessBase"]
[SourceDate "2017.10.13"]
[SourceVersion "1"]
[SourceVersionDate "2017.10.13"]
[SourceQuality "1"]

1. c4 Nf6 2. Nc3 e6 3. e4 c5 4. e5 Ng8 5. Nf3 Nc6 6. d4 cxd4 7. Nxd4 Nge7 8. Ndb5 Nf5 9. Bf4 a6 10. Nd6+ Bxd6 11. exd6 0-0 12. Bd3 b5 13. c5 Bb7 14. Bxf5 exf5 15. 0-0 Qf6 16. Nd5 Qxb2 17. Ne7+ Kh8 18. Qh5 Nd4 19. Rae1 Be4 20. Re3 Bf3 21. Rxf3 Nxf3+ 22. Qxf3 Qxa2 23. Be5 f6 24. Ba1 a5 25. Qxf5 Ra7 26. c6 dxc6 27. Nxc6 Ra6 28. Qxb5 Raa8 29. d7 Qd2 30. Bd4 a4 31. Qd5 Rad8 32. Nxd8 Rxd8 33. Qe6 1-0

[Event "Bratsk Region-ch"]
[Site "Bratsk"]
[Date "2013.10.26"]
[Round "8"]
[White "Asaturian, Ovanes"]
[Black "Bobarykin, Dmitry"]
[Result "1/2-1/2"]
[WhiteElo "2066"]
[BlackElo "2226"]
[PlyCount "20"]
[EventDate "2013.10.19"]
[EventType "swiss"]
[EventRounds "9"]
[EventCountry "RUS"]
[SourceTitle "EXT 2014"]
[Source "ChessBase"]
[SourceDate "2013.11.20"]
[SourceVersion "1"]
[SourceVersionDate "2013.11.20"]
[SourceQuality "1"]

1. e4 e6 2. d4 d5 3. exd5 exd5 4. Nf3 Nf6 5. Bg5 Be7 6. Bd3 0-0 7. 0-0 c6 8. Nbd2 Bg4 9. h3 Bh5 10. Re1 Nbd7 1/2-1/2

[Event "Irkutsk Region-ch"]
[Site "Irkutsk"]
[Date "2010.10.25"]
[Round "9"]
[White "Bobarykin, Dmitry"]
[Black "Fellenger, Alexander"]
[Result "1-0"]
[WhiteElo "2248"]
[BlackElo "2102"]
[PlyCount "113"]
[EventDate "2010.10.17"]
[EventType "tourn"]
[EventRounds "11"]
[EventCountry "RUS"]
[SourceTitle "EXT 2012"]
[Source "ChessBase"]
[SourceDate "2011.11.24"]
[SourceVersion "1"]
[SourceVersionDate "2011.11.24"]
[SourceQuality "1"]

1. g3 d5 2. Bg2 c6 3. d3 Bg4 4. Nf3 Bxf3 5. Bxf3 e6 6. 0-0 Nd7 7. Nd2 h5 8. e4 h4 9. exd5 cxd5 10. c4 hxg3 11. hxg3 Ngf6 12. cxd5 exd5 13. Re1+ Be7 14. Qe2 Kf8 15. Nb3 Bd6 16. Nd4 Qb6 17. Be3 Bc5 18. Nb3 Bxe3 19. Qxe3 Qxe3 20. Rxe3 Rc8 21. Rae1 g6 22. Re7 Rd8 23. Na5 b6 24. Nc6 Rc8 25. Bxd5 Nxd5 26. Rxd7 Rxc6 27. Rxd5 Kg7 28. Rd7 a5 29. Ree7 Rf6 30. Kg2 Rc8 31. Re2 Rc1 32. d4 a4 33. a3 Rd1 34. d5 b5 35. g4 g5 36. Re5 Rd2 37. Rxg5+ Kf8 38. Rf5 Rxf5 39. gxf5 f6 40. d6 Rxb2 41. Rb7 Ke8 42. Kf3 Rd2 43. Ke4 Rxd6 44. Rxb5 Rd2 45. Ra5 Rxf2 46. Rxa4 Rf1 47. Rd4 Re1+ 48. Kf4 Rf1+ 49. Kg4 Rg1+ 50. Kh4 Rf1 51. Rd5 Rf4+ 52. Kh5 Rf3 53. a4 Rg3 54. a5 Ke7 55. Rb5 Kd6 56. a6 Ra3 57. Kg6 1-0

[Event "Irkutsk Region-ch"]
[Site "Irkutsk"]
[Date "2010.10.21"]
[Round "5"]
[White "Rozhnev, Gennady"]
[Black "Bobarykin, Dmitry"]
[Result "0-1"]
[WhiteElo "2169"]
[BlackElo "2248"]
[PlyCount "144"]
[EventDate "2010.10.17"]
[EventType "tourn"]
[EventRounds "11"]
[EventCountry "RUS"]
[SourceTitle "EXT 2012"]
[Source "ChessBase"]
[SourceDate "2011.11.24"]
[SourceVersion "1"]
[SourceVersionDate "2011.11.24"]
[SourceQuality "1"]

1. Nf3 Nf6 2. g3 c5 3. Bg2 Nc6 4. c4 e6 5. 0-0 d5 6. cxd5 Nxd5 7. Nc3 Be7 8. d4 0-0 9. Nxd5 exd5 10. Be3 c4 11. Ne5 Bf5 12. g4 Nxe5 13. dxe5 Bxg4 14. Bxd5 Qc7 15. Bf4 Rad8 16. Qd2 Bb4 17. Qxb4 Rxd5 18. f3 a5 19. Qc3 Bh3 20. Rfd1 Qb6+ 21. e3 Rd3 22. Rxd3 cxd3 23. Rd1 Qg6+ 24. Bg3 Qf5 25. Kf2 Bg4 26. Bf4 Bxf3 27. Qxd3 Be4 28. Qd7 Qh5 29. Rg1 Bf5 30. Qe7 Rc8 31. Rc1 Rf8 32. Qg5 Qxg5 33. Bxg5 Re8 34. Rc5 h6 35. Bh4 g5 36. Bg3 Rd8 37. e4 Be6 38. Ke3 a4 39. a3 Rd7 40. Rb5 Bc4 41. Rb6 Kh7 42. Rd6 Re7 43. Kd4 Be6 44. Be1 Rc7 45. Bc3 Kg6 46. Ke3 Kh5 47. Kf3 Kh4 48. Kg2 Kg4 49. h3+ Kh4 50. Be1+ Kh5 51. Bc3 g4 52. hxg4+ Kxg4 53. Rd4 b5 54. Rd2 h5 55. Rf2 h4 56. Rd2 h3+ 57. Kh2 Kf3 58. Rd3+ Kxe4 59. Rd4+ Ke3 60. Rh4 Rd7 61. Rh6 Rd1 62. Rf6 Rc1 63. Rh6 Rc2+ 64. Kh1 Re2 65. Kg1 Kf3 66. Rh7 Rc2 67. Kh1 Bd5 68. Be1 Kg4+ 69. Kg1 Rg2+ 70. Kh1 Re2+ 71. Kg1 Rxe1+ 72. Kf2 Rxe5 0-1

[Event "Irkutsk Region-ch"]
[Site "Irkutsk"]
[Date "2010.10.20"]
[Round "4"]
[White "Bobarykin, Dmitry"]
[Black "Khantuev, Alexander"]
[Result "1/2-1/2"]
[WhiteElo "2248"]
[BlackElo "2351"]
[PlyCount "110"]
[EventDate "2010.10.17"]
[EventType "tourn"]
[EventRounds "11"]
[EventCountry "RUS"]
[SourceTitle "EXT 2012"]
[Source "ChessBase"]
[SourceDate "2011.11.24"]
[SourceVersion "1"]
[SourceVersionDate "2011.11.24"]
[SourceQuality "1"]

1. d4 Nf6 2. Nf3 e6 3. g3 c5 4. Bg2 cxd4 5. 0-0 d5 6. Nxd4 e5 7. Nb3 a5 8. Bg5 a4 9. Nc1 Be6 10. c4 dxc4 11. Bxb7 Qxd1 12. Rxd1 Ra7 13. Bg2 Bc5 14. Nc3 0-0 15. Bxf6 gxf6 16. e3 a3 17. bxa3 Rxa3 18. N1e2 Na6 19. Nb5 Ra5 20. Nec3 Nb4 21. a4 f5 22. Nd6 Ra6 23. Nb7 Be7 24. Nd5 Nxd5 25. Bxd5 Rb8 26. Bxe6 fxe6 27. Rd7 Kf8 28. a5 Rc8 29. Rd2 Rc7 30. Rb1 c3 31. Rc2 Ra7 32. a6 Rxa6 33. Rb5 Ra1+ 34. Kg2 e4 35. Na5 Rd1 36. Nb3 Kf7 37. Nd4 Rd2 38. Rb3 Rxc2 39. Nxc2 Bf6 40. Kf1 Rd7 41. Ke1 Rd2 42. Nd4 Rd3 43. Rb7+ Be7 44. Rc7 Kf6 45. Kf1 Bd6 46. Rc4 Be5 47. Nc6 Bd6 48. Nd4 Ke5 49. Nb5 Bb4 50. Kg2 Kd5 51. Rxb4 c2 52. Nc7+ Kc5 53. Na6+ Kd5 54. Nc7+ Kc5 55. Na6+ Kd5 1/2-1/2

[Event "Irkutsk Veda op"]
[Site "Irkutsk"]
[Date "2010.08.23"]
[Round "9"]
[White "Bobarykin, Dmitry"]
[Black "Trapeznikova, Darya"]
[Result "1/2-1/2"]
[WhiteElo "2248"]
[BlackElo "1976"]
[PlyCount "154"]
[EventDate "2010.08.15"]
[EventType "swiss"]
[EventRounds "9"]
[EventCountry "RUS"]
[SourceTitle "CBM 138 Extra"]
[Source "ChessBase"]
[SourceDate "2010.10.29"]
[SourceVersion "1"]
[SourceVersionDate "2010.10.29"]
[SourceQuality "1"]

1. e4 c5 2. Nf3 e6 3. d4 cxd4 4. Nxd4 a6 5. Bd3 Nf6 6. 0-0 Qc7 7. c4 b6 8. Nc3 Bb7 9. Be3 Nc6 10. Rc1 Bc5 11. Nc2 Ne5 12. h3 Ng6 13. Qd2 0-0 14. a3 Rfd8 15. b4 Bxe3 16. Nxe3 a5 17. Rfe1 Nf4 18. Ng4 Nxg4 19. hxg4 Qe5 20. Ne2 Nxd3 21. Qxd3 Qxe4 22. Qxe4 Bxe4 23. Nd4 Bc6 24. c5 axb4 25. Nxc6 dxc6 26. cxb6 bxa3 27. Rxc6 Rdb8 28. Ra1 h6 29. Rc3 Rxb6 30. Rcxa3 Rxa3 31. Rxa3 Rb2 32. f3 g6 33. Kh2 Kg7 34. Kg3 Rb5 35. Ra7 h5 36. Rc7 Kf6 37. gxh5 Rxh5 38. Ra7 Rg5+ 39. Kf2 Rb5 40. Rc7 Rb2+ 41. Kg3 g5 42. Ra7 Kg6 43. Kh3 f5 44. Ra8 Re2 45. Rb8 Re1 46. Kg3 Rf1 47. Rg8+ Kf6 48. Rf8+ Kg7 49. Ra8 Kf7 50. Rb8 Rh1 51. Ra8 Rh6 52. Rb8 Rg6 53. Rb4 Rg8 54. Ra4 Kf6 55. Rb4 f4+ 56. Kf2 Kf5 57. g3 Rh8 58. Kg2 Rd8 59. gxf4 gxf4 60. Rb2 Rd3 61. Kf2 Re3 62. Ra2 Kg5 63. Rb2 Rd3 64. Kg2 Kf5 65. Kf2 e5 66. Ra2 Rc3 67. Rb2 Ke6 68. Rd2 Ra3 69. Kg2 Ra1 70. Kf2 Ra4 71. Rb2 Kd5 72. Rd2+ Kc4 73. Re2 Ra5 74. Re4+ Kd5 75. Re2 Ra3 76. Rd2+ Kc4 77. Re2 Kd4 1/2-1/2

[Event "Irkutsk Veda op"]
[Site "Irkutsk"]
[Date "2010.08.15"]
[Round "1"]
[White "Makarov, Alexey"]
[Black "Bobarykin, Dmitry"]
[Result "0-1"]
[WhiteElo "1775"]
[BlackElo "2248"]
[PlyCount "104"]
[EventDate "2010.08.15"]
[EventType "swiss"]
[EventRounds "9"]
[EventCountry "RUS"]
[SourceTitle "CBM 138 Extra"]
[Source "ChessBase"]
[SourceDate "2010.10.29"]
[SourceVersion "1"]
[SourceVersionDate "2010.10.29"]
[SourceQuality "1"]

1. e4 c5 2. b3 Nc6 3. Bb2 d6 4. Nf3 Nf6 5. Nc3 g6 6. Be2 Bg7 7. 0-0 0-0 8. h3 Nxe4 9. Nxe4 Bxb2 10. Rb1 Bg7 11. Bb5 Nd4 12. Nxd4 Bxd4 13. Be2 Rb8 14. Bf3 d5 15. Ng3 Qd6 16. Ne2 Bg7 17. d3 Bd7 18. Qd2 Bc6 19. Qf4 e5 20. Qg3 f5 21. Qh2 Rbd8 22. g3 d4 23. Bxc6 Qxc6 24. Qg2 Qxg2+ 25. Kxg2 g5 26. f3 h5 27. Rf2 Kh7 28. Rh1 Kg6 29. Rhf1 Rde8 30. Kh2 b5 31. Ra1 Rf6 32. Kg2 e4 33. fxe4 fxe4 34. Rxf6+ Bxf6 35. dxe4 Rxe4 36. Ng1 Re3 37. Rd1 Be5 38. Rd3 Re4 39. Rd2 a5 40. Re2 Rxe2+ 41. Nxe2 c4 42. Nc1 Kf5 43. Kf3 g4+ 44. hxg4+ hxg4+ 45. Kf2 a4 46. bxa4 bxa4 47. Kg2 Ke4 48. Kf2 d3 49. cxd3+ cxd3 50. Nxd3 Kxd3 51. Kg2 Kc3 52. Kf2 Kb2 0-1